Statistics for United Kingdom Geography by Letter A - Picture Quiz

Click here to take the quiz!

General Stats

  • This quiz has been taken 338 times
  • The average score is 9 of 15

Answer Stats

Answer% Correct
{Albert} Dock
94%
Royal {Albert} Hall
94%
{Abbey} Road
91%
Aberdeen
87%
{Alton}Towers
80%
Angel of the North
74%
Anglesey
71%
Avon
71%
Antrim
52%
Anfield
51%
{Alexandra} Palace
48%
Ayrshire
44%
{Avebury} Stone Circle
30%
{Alnwick} Castle
27%
Ascension
9%

Score Distribution

Percentile by Number Answered

Percent of People with Each Score

Your Score History

You have not taken this quiz